000 00373nam a22001577a 4500
003 MPLRDC
005 20220104144445.0
008 210129b ||||| |||| 00| 0 eng d
082 _a448.866 YYFY v.5
100 _a不详
245 _a影音风云. 第五辑
_c
260 _a
_bTHE PERFECT SOUND VISION
_c
300 _b
650 _a
942 _cBK
_o448.866 YYFY v.5
999 _c49802
_d49792